000 00839nam a2200205 a 4500
001 BRCA_167
005 20190320202916.0
008 841026s1956 xx-a---###---#000-0#ita-u
040 _aDLC
_cCarP
_dDLC
050 4 _aNA750
_b.C93 1956
245 1 0 _a4000 [i. e. Cuatro mil] años de arquitectura mexicana = 4000 Years of Mexican Architecture = 4000 Ans D´Architecture Mexicaine = 4000 Jahren Architektor in Mexiko.
260 _aMéxico
_bSociedad de Arquitectos Mexicanos : Colegio Nacional de Arquitectos de México
_c[1956]
300 _a330 p.
_bil.
_c33 cm.
546 _aTexto en español, inglés, francés y alemán
650 1 4 _aArquitectura
_xHistoria
_zMéxico
_9639
740 0 _a4000 Years of Mexican Architecture
740 0 _a4000 Ans D´Architecture Mexicaine
740 0 _a4000 Jahren Architektor in Mexiko
942 _2lcc
_cB
999 _c145
_d145